[Event "Wachtebeke op"]
[Site "Wachtebeke"]
[Date "2022.02.28"]
[Round "5"]
[White "Alves Garcia, Eric"]
[Black "Koridze, Lile"]
[Result "0-1"]
[WhiteElo "2064"]
[BlackElo "1977"]
[PlyCount "72"]
[EventDate "2022.02.26"]
[EventType "swiss"]
[EventRounds "9"]
[EventCountry "BEL"]
[SourceTitle "CBM 207 Extra"]
[Source "ChessBase"]
[SourceDate "2022.05.31"]
[SourceVersion "1"]
[SourceVersionDate "2022.05.31"]
[SourceQuality "1"]

1. e4 c5 2. Nf3 d6 3. d4 cxd4 4. Nxd4 Nf6 5. Nc3 Nc6 6. Bg5 e6 7. Qd2 a6 8. 0-0-0 Bd7 9. Be2 b5 10. f4 Qb6 11. Bxf6 gxf6 12. Nf5 0-0-0 13. Nxd6+ Bxd6 14. Qxd6 Kb7 15. f5 Qe3+ 16. Kb1 Bc8 17. Qa3 Qb6 18. Qb3 Nd4 19. Qb4 Rhe8 20. a4 a5 21. Nd5 axb4 22. Nxb6 Kxb6 23. Bxb5 Nxb5 24. axb5 exf5 25. exf5 Bxf5 26. Rxd8 Rxd8 27. Rf1 Bg6 28. Rxf6+ Kxb5 29. Kc1 Ra8 30. g4 Ra1+ 31. Kd2 Rb1 32. h4 Rxb2 33. h5 Rxc2+ 34. Kd1 Rc6 35. Rxc6 Kxc6 36. hxg6 fxg6 0-1

[Event "Martorell op 36th"]
[Site "Martorell"]
[Date "2018.10.06"]
[Round "4"]
[White "Alves Garcia, Eric"]
[Black "Sanfeliu Fabregas, Albert"]
[Result "1-0"]
[WhiteElo "1999"]
[BlackElo "2172"]
[PlyCount "89"]
[EventDate "2018.09.15"]
[EventType "swiss"]
[EventRounds "9"]
[EventCountry "ESP"]
[SourceTitle "CBM 189 Extra"]
[Source "ChessBase"]
[SourceDate "2019.06.03"]
[SourceVersion "1"]
[SourceVersionDate "2019.06.03"]
[SourceQuality "1"]

1. Nf3 Nf6 2. d4 g6 3. c4 Bg7 4. Nc3 d6 5. e4 0-0 6. Be2 e5 7. 0-0 Nc6 8. d5 Ne7 9. b4 a5 10. Ba3 axb4 11. Bxb4 Ne8 12. Nd2 f5 13. Kh1 c5 14. dxc6 bxc6 15. a4 Kh8 16. Bf3 Ba6 17. Re1 Qb6 18. Rb1 Qxf2 19. g3 Rd8 20. Ba5 Rd7 21. Bb6 c5 22. Nb5 Bxb5 23. cxb5 Bh6 24. Re2 Qd4 25. Nb3 Qxd1+ 26. Rxd1 Nf6 27. exf5 Nc8 28. Ba5 c4 29. Nd2 Ra7 30. Nxc4 e4 31. Bxe4 Nxe4 32. Rxe4 gxf5 33. Re6 Bg7 34. b6 Rb7 35. Nxd6 Rb8 36. Nxc8 Rfxc8 37. Red6 Kg8 38. Rd7 Bf6 39. b7 Rc4 40. Rb1 Be5 41. Bb6 Rxa4 42. Bc7 Bxc7 43. Rxc7 Re4 44. Rc8+ Re8 45. Rxe8+ 1-0

[Event "Sabadell op 8th"]
[Site "Sabadell"]
[Date "2015.09.05"]
[Round "4"]
[White "Cruz Estrada, Filemon"]
[Black "Alves Garcia, Eric"]
[Result "1-0"]
[WhiteElo "2421"]
[BlackElo "1637"]
[PlyCount "165"]
[EventDate "2015.09.02"]
[EventType "swiss"]
[EventRounds "9"]
[EventCountry "ESP"]
[SourceTitle "EXT 2016"]
[Source "ChessBase"]
[SourceDate "2015.10.08"]
[SourceVersion "1"]
[SourceVersionDate "2015.10.08"]
[SourceQuality "1"]

1. Nf3 Nf6 2. g3 d5 3. Bg2 g6 4. c4 c6 5. b3 Bg7 6. Bb2 0-0 7. 0-0 b6 8. d3 Bb7 9. Nbd2 Nbd7 10. Qc2 e6 11. Rac1 Rc8 12. Qb1 Qe7 13. Qa1 c5 14. e3 Rfd8 15. Rfd1 Qf8 16. Ne5 Nxe5 17. Bxe5 Ng4 18. Bb2 Bxb2 19. Qxb2 Qg7 20. Qxg7+ Kxg7 21. h3 Nh6 22. Nb1 Ba8 23. cxd5 Bxd5 24. Bxd5 exd5 25. Kg2 f5 26. d4 Ng8 27. dxc5 bxc5 28. Nc3 Ne7 29. Na4 c4 30. bxc4 dxc4 31. Rxd8 Rxd8 32. Rxc4 Rd2 33. Nc3 Rc2 34. Rc7 Kf8 35. Nd5 Rxc7 36. Nxc7 Nc6 37. Kf3 Ke7 38. Kf4 Nb4 39. a3 Nd3+ 40. Kf3 Ne5+ 41. Ke2 Nc4 42. a4 a5 43. Nb5 Nb6 44. Nd4 Nxa4 45. Nc6+ Kf6 46. Nxa5 Nc3+ 47. Kf3 Ne4 48. Nc4 h5 49. h4 Kg7 50. Kg2 Kf6 51. f3 Nc3 52. Kf2 g5 53. Nb2 gxh4 54. gxh4 Nd5 55. Nd3 Ke6 56. e4 fxe4 57. fxe4 Ne7 58. Ke3 Kf6 59. Ne1 Ng6 60. Nf3 Ke6 61. Kd4 Kd6 62. e5+ Ke6 63. Ke4 Ne7 64. Ng5+ Kd7 65. Kf4 Ke8 66. e6 Kf8 67. Nf3 Ng6+ 68. Kg5 Kg7 69. Nd4 Nf8 70. Nf5+ Kg8 71. e7 Ne6+ 72. Kf6 Nc7 73. Nd6 Nd5+ 74. Ke6 Nxe7 75. Kxe7 Kg7 76. Ke6 Kg6 77. Nf5 Kh7 78. Kf6 Kg8 79. Kg6 Kh8 80. Kxh5 Kg8 81. Kg6 Kh8 82. Nd6 Kg8 83. Nf7 1-0

[Event "Sabadell op 7th"]
[Site "Sabadell"]
[Date "2014.09.03"]
[Round "2"]
[White "Colon Garcia, Enrique"]
[Black "Alves Garcia, Eric"]
[Result "1-0"]
[WhiteElo "2343"]
[BlackElo "1519"]
[PlyCount "63"]
[EventDate "2014.09.02"]
[EventType "swiss"]
[EventRounds "9"]
[EventCountry "ESP"]
[SourceTitle "CBM 162 Extra"]
[Source "ChessBase"]
[SourceDate "2014.10.17"]
[SourceVersion "1"]
[SourceVersionDate "2014.10.17"]
[SourceQuality "1"]

1. e4 e6 2. d3 d5 3. Nd2 dxe4 4. dxe4 b6 5. Ngf3 Bb7 6. Bb5+ c6 7. Be2 Nd7 8. 0-0 Qc7 9. Re1 0-0-0 10. c3 Ngf6 11. a4 a5 12. Qc2 h6 13. Nc4 c5 14. Bf1 g5 15. Na3 Kb8 16. b3 Rg8 17. Nb5 Qc6 18. e5 Ne4 19. Bd3 f5 20. exf6 Ndxf6 21. c4 Bd6 22. Bb2 Ka8 23. Nxd6 Qxd6 24. Bxe4 Nxe4 25. Rxe4 Bxe4 26. Qxe4+ Ka7 27. h3 Qd3 28. Qxe6 Qxb3 29. Bf6 Rb8 30. Ne5 Ka6 31. Nd7 Rbe8 32. Nxc5+ 1-0

[Event "Badalona op-B 40th"]
[Site "Badalona"]
[Date "2014.08.07"]
[Round "6"]
[White "Palacios Pena, Gerardo"]
[Black "Alves Garcia, Eric"]
[Result "0-1"]
[WhiteElo "1993"]
[BlackElo "1871"]
[PlyCount "138"]
[EventDate "2014.08.02"]
[EventType "swiss"]
[EventRounds "9"]
[EventCountry "ESP"]
[SourceTitle "EXT 2015"]
[Source "ChessBase"]
[SourceDate "2014.11.20"]
[SourceVersion "1"]
[SourceVersionDate "2014.11.20"]
[SourceQuality "1"]

1. d4 d5 2. c4 e6 3. Nf3 Nf6 4. Nc3 Bb4 5. Bd2 0-0 6. e3 Nbd7 7. Bd3 c6 8. 0-0 dxc4 9. Bxc4 b5 10. Bd3 Bb7 11. a3 Be7 12. b4 Qc7 13. Ne4 e5 14. Qc2 exd4 15. exd4 h6 16. Nxf6+ Nxf6 17. Bxb5 Bd6 18. Be2 Rfe8 19. Be3 Ng4 20. Qd2 Bxh2+ 21. Kh1 Nxe3 22. Nxh2 Nxf1 23. Rxf1 Qe7 24. Bc4 Rad8 25. Qc3 Qf6 26. Nf3 Bc8 27. Kg1 Bg4 28. Ne5 Be6 29. Bd3 Bd5 30. Rc1 Qg5 31. Bf1 Re6 32. Ra1 Rf6 33. a4 Rf4 34. b5 cxb5 35. axb5 Qh4 36. Qg3 Qxg3 37. fxg3 Rxd4 38. Rxa7 Re4 39. Nc6 Rde8 40. Rd7 Be6 41. Rc7 Re1 42. Kf2 Rb1 43. g4 Kf8 44. Bd3 Rb2+ 45. Kf1 Bd5 46. Nd4 Bxg2+ 47. Kg1 Re1+ 48. Kh2 Be4+ 49. Be2 Rbxe2+ 50. Nxe2 Rxe2+ 51. Kg3 Rb2 52. Rc8+ Ke7 53. Rb8 g5 54. b6 Rg2+ 55. Kh3 Rb2 56. Kg3 Rb3+ 57. Kf2 Kd7 58. Rf8 Bd5 59. Rb8 Kc6 60. Rh8 Kxb6 61. Rxh6+ Kc5 62. Rf6 Kd4 63. Rf5 Rf3+ 64. Rxf3 Bxf3 65. Kxf3 Kd3 66. Kf2 Ke4 67. Kg3 Ke3 68. Kg2 Kf4 69. Kh3 Kf3 0-1

[Event "Badalona op-B 40th"]
[Site "Badalona"]
[Date "2014.08.04"]
[Round "3"]
[White "Barragan Hernandez, Manel"]
[Black "Alves Garcia, Eric"]
[Result "1-0"]
[WhiteElo "1990"]
[BlackElo "1871"]
[PlyCount "127"]
[EventDate "2014.08.02"]
[EventType "swiss"]
[EventRounds "9"]
[EventCountry "ESP"]
[SourceTitle "EXT 2015"]
[Source "ChessBase"]
[SourceDate "2014.11.20"]
[SourceVersion "1"]
[SourceVersionDate "2014.11.20"]
[SourceQuality "1"]

1. Nf3 Nf6 2. c4 c5 3. Nc3 Nc6 4. g3 g6 5. Bg2 Bg7 6. 0-0 0-0 7. d3 d6 8. a3 e5 9. Rb1 a5 10. Bd2 Ne8 11. Nd5 f5 12. b4 axb4 13. axb4 cxb4 14. Nxb4 Bd7 15. Nd5 Bc8 16. Qb3 Kh8 17. c5 dxc5 18. Nb6 Rb8 19. Ng5 Qe7 20. Nxc8 Rxc8 21. Qxb7 Qxb7 22. Rxb7 Nd8 23. Ra7 h6 24. Nh3 Nd6 25. Rc1 g5 26. f4 gxf4 27. gxf4 e4 28. dxe4 fxe4 29. Rd7 N8f7 30. Bc3 c4 31. Nf2 Bxc3 32. Rxc3 Nb5 33. Rc1 e3 34. Ng4 c3 35. Nxe3 Nfd6 36. Nd5 Nc4 37. Ne7 Nb6 38. Ng6+ Kg8 39. Nxf8 Nxd7 40. Nxd7 Nd4 41. Kf2 c2 42. e3 Nb5 43. Be4 Na3 44. Ke2 Kg7 45. Nb6 Rb8 46. Rg1+ Kh8 47. Nd5 Rb1 48. Rxb1 cxb1Q 49. Bxb1 Nxb1 50. e4 Na3 51. Kd3 Nb5 52. e5 Kg7 53. f5 Na7 54. e6 Nc6 55. f6+ Kf8 56. Ke4 h5 57. h4 Kg8 58. Nf4 Nb8 59. Nxh5 Na6 60. Ke5 Nc7 61. Kd6 Ne8+ 62. Ke7 Ng7 63. f7+ Kh7 64. Nxg7 1-0

[Event "Llinars del Valles op-B 8th"]
[Site "Llinars del Valles"]
[Date "2014.06.14"]
[Round "7"]
[White "Alves Garcia, Eric"]
[Black "Giro Castellet, Esteve"]
[Result "1-0"]
[WhiteElo "1802"]
[BlackElo "1882"]
[PlyCount "57"]
[EventDate "2014.04.26"]
[EventType "swiss"]
[EventRounds "8"]
[EventCountry "ESP"]
[SourceTitle "EXT 2015"]
[Source "ChessBase"]
[SourceDate "2014.11.20"]
[SourceVersion "1"]
[SourceVersionDate "2014.11.20"]
[SourceQuality "1"]

1. d4 d5 2. c4 e6 3. Nc3 c6 4. Nf3 Nf6 5. Bg5 Bb4 6. Qc2 Nbd7 7. e3 h6 8. Bh4 g5 9. Bg3 Ne4 10. a3 Qa5 11. Rc1 Bxc3+ 12. bxc3 Nxg3 13. hxg3 Qxa3 14. Nxg5 Nf6 15. Nf3 Bd7 16. Bd3 0-0-0 17. 0-0 Qe7 18. Ra1 a6 19. c5 Kc7 20. Qa4 Bc8 21. Ne5 Nd7 22. Qa5+ Kb8 23. Nxc6+ bxc6 24. Rfb1+ Bb7 25. Qxa6 Nxc5 26. dxc5 Kc8 27. Qa7 Qc7 28. Rxb7 Qxb7 29. Ba6 1-0

[Event "Valles Occident-ch U16"]
[Site "Barcelona"]
[Date "2014.02.08"]
[Round "1.1"]
[White "Jimenez Ruano, Adrian"]
[Black "Alves Garcia, Eric"]
[Result "1/2-1/2"]
[WhiteElo "2065"]
[BlackElo "1802"]
[PlyCount "62"]
[EventDate "2014.02.08"]
[EventType "swiss"]
[EventRounds "5"]
[EventCountry "ESP"]
[SourceTitle "EXT 2024"]
[Source "ChessBase"]
[SourceDate "2023.10.10"]
[SourceVersion "1"]
[SourceVersionDate "2023.10.10"]
[SourceQuality "1"]

1. d4 d5 2. c4 e6 3. Nf3 Nf6 4. Nc3 c5 5. e3 Nc6 6. dxc5 Bxc5 7. a3 a6 8. b4 Bd6 9. Bb2 dxc4 10. Bxc4 b5 11. Bb3 0-0 12. 0-0 Bb7 13. Ne2 Be7 14. Ned4 Nxd4 15. Nxd4 Nd5 16. Qg4 Bf6 17. Rfd1 Qe7 18. e4 Bxd4 19. Bxd4 Nf6 20. Qg5 h6 21. Qh4 Rfe8 22. f3 e5 23. Bc5 Qc7 24. Qf2 Nd7 25. Rac1 Nxc5 26. Rxc5 Qe7 27. Rdc1 Rac8 28. f4 Rxc5 29. Rxc5 Bxe4 30. Rxe5 Qd7 31. Rxe8+ Qxe8 1/2-1/2

[Event "Cerdanyola del Valles op-B 31th"]
[Site "Cerdanyola del Valles"]
[Date "2013.??.??"]
[Round "2.3"]
[White "Algarte Cortes, Serafin Ramon"]
[Black "Alves Garcia, Eric"]
[Result "1-0"]
[WhiteElo "1697"]
[BlackElo "1500"]
[PlyCount "50"]
[EventDate "2013.10.05"]
[EventType "swiss"]
[EventRounds "8"]
[EventCountry "ESP"]
[SourceTitle "EXT 2024"]
[Source "ChessBase"]
[SourceDate "2023.10.10"]
[SourceVersion "1"]
[SourceVersionDate "2023.10.10"]
[SourceQuality "1"]

1. e4 c6 2. d4 d5 3. exd5 cxd5 4. c3 Nf6 5. Be3 Bf5 6. h3 e6 7. Bd3 Bxd3 8. Qxd3 Qb6 9. b4 Nbd7 10. Ne2 Bd6 11. 0-0 0-0 12. Nd2 Rac8 13. a4 Bb8 14. Rfc1 a5 15. b5 Qd6 16. Nf3 Qe7 17. Bf4 Bxf4 18. Nxf4 h6 19. Ne2 Rc4 20. Nd2 Rc7 21. c4 b6 22. cxd5 Rxc1+ 23. Rxc1 exd5 24. Nf3 Re8 25. Ng3 Qb4 1-0